| 000 | 00000nam##2200000za#4500 |
| 001 | 9.642353 |
| 003 | CaOODSP |
| 005 | 20210624223646 |
| 007 | cr ||||||||||| |
| 008 | 150407|2000||||xxc|||||o f|0| 0 fre|d |
| 040 | |aCaOODSP|bfre |
| 043 | |an-cn--- |
| 086 | 1 |aRv4-15/2000F-PDF |
| 110 | 1 |aCanada. |bAgence des douanes et du revenu du Canada. |
| 245 | 10|aVos droits dans vos rapports avec l'Agence des douanes et du revenu du Canada |h[ressource électronique] |
| 260 | |aOttawa - Ontario : |bAgence des douanes et du revenu du Canada |c2000. |
| 300 | |a20p. |
| 590 | |a13-19-Supp|b2013-08-14 |
| 775 | 08|tYour rights in your dealings with the Canada Customs and Revenue Agency |w(CaOODSP)9.698335 |
| 856 | 40|ahttp://publications.gc.ca|qPDF|s180 Ko|uhttps://publications.gc.ca/collections/collection_2013/arc-cra/Rv4-15-2000-fra.pdf |
| 986 | |aRC4213(F) |